[Event "Washington Class Championships"]
[Site "Redmond, WA"]
[Date "2012.11.25"]
[Round "6"]
[White "Nagase Toshihiro  (WA)"]
[Black "Bonrud Neal  (WA)"]
[Result "1/2-1/2"]
[WhiteElo "1794"]
[BlackElo "1824"]
[Annotator ""]
[Source ""]
[Remark "A"]

1.d4 d5 2.c4 dxc4 3.e3 Nf6 4.Nf3 a6 5.Bxc4 e6 6.a3 c5 7.Nc3 b5
8.Ba2 Bb7 9.O-O cxd4 10.Nxd4 Be7 11.Qe2 O-O 12.b4 Qc7 13.Bb2
Nc6 14.Nf3 Rfd8 15.Rac1 Rd7 16.Rfd1 Rad8 17.Bb1 h6 18.Qc2 g6
19.h3 Kh7 20.Rxd7 Rxd7 21.Ne2 Qd8 22.Ne5 Nxe5 23.Bxe5 Be4 24.Qb3
Bxb1 25.Qxb1 1/2-1/2

[Event "Washington Class Championships"]
[Site "Redmond, WA"]
[Date "2012.11.23"]
[Round "2"]
[White "Lawler Aidan  (WA)"]
[Black "Haining Breck  (WA)"]
[Result "0-1"]
[WhiteElo "1162"]
[BlackElo "1334"]
[Annotator ""]
[Source ""]
[Remark "D"]

1.e4 g6 2.d4 Bg7 3.Bc4 e6 4.Ne2 d5 ( 4...Ne7 5.Be3 O-O 6.Nbc3
Nbc6 7.Bb3 a6 8.Qd2 b5 9.Bh6 Bb7 10.Bxg7 Kxg7 11.h4 h5 12.g4
Rh8 13.Nf4 hxg4 14.h5 Qg8 15.O-O-O Kf8 16.d5 Ne5 17.dxe6 dxe6
18.h6 N5c6 19.Qd7 e5 20.Nfd5 Rd8 21.Qxc7 Ba8 22.Nxe7 {1-0, Ascher A - Angerer Michael (AUT) 2009, Niederbayern (Germany) 1995}
) 5.Bd3 dxe4 6.Bxe4 Nf6 7.Nbc3 O-O 8.O-O c6 9.f3 Nbd7 10.Be3
Re8 11.Qd2 e5 12.dxe5 Nxe5 13.Qxd8 Rxd8 14.Bd4 Nxe4 15.fxe4 Nf3+
16.gxf3 Bxd4+ 17.Nxd4 Rxd4 18.Rad1 Rxd1 19.Rxd1 Be6 20.Kf2 Kg7
21.b3 Re8 22.Ke3 Re7 23.f4 f5 24.e5 h6 25.Rg1 Kh7 26.h4 b6 27.Ne2
c5 28.c4 Rd7 29.a4 a6 30.Rb1 g5 31.b4 Bxc4 32.Rc1 Bxe2 33.Kxe2
gxh4 34.bxc5 Rc7 35.e6 bxc5 36.Kf2 Kg7 37.e7 Kf7 38.Rh1 Rxe7
39.Rxh4 Re6 40.Rh3 c4 41.Rc3 Re4 42.Kf3 Ke6 43.Re3 Rxe3+ 44.Kxe3
Kd5 45.Kd2 Kd4 46.Kc2 h5 47.Kb2 h4 48.a5 h3 49.Ka3 h2 50.Kb4
h1Q 51.Ka4 Qa1+ 52.Kb4 Qc3+ 53.Ka4 Qb3# 0-1

[Event "Washington Class Championships"]
[Site "Redmond, WA"]
[Date "2012.11.25"]
[Round "5"]
[White "Bonrud Neal  (WA)"]
[Black "Ackerman Ryan  (WA)"]
[Result "0-1"]
[WhiteElo "1824"]
[BlackElo "1926"]
[Annotator ""]
[Source ""]
[Remark "A"]

1.d4 d5 2.Bf4 c5 3.c3 Qb6 4.Qb3 Nf6 5.Nf3 Nc6 6.e3 c4 7.Qxb6
axb6 8.Nbd2 b5 9.h3 h6 10.Ne5 ( 10.b4 Bf5 11.Be2 Ra3 12.Rc1 e6
13.O-O Be7 14.Ne5 Rxa2 15.Bf3 g5 16.e4 gxf4 17.exf5 Rxd2 18.fxe6
fxe6 19.Ng6 Rg8 20.Nxf4 Kd7 21.Rfe1 Nd8 22.Ra1 Bd6 23.Ne2 Nf7
24.Ra7 Ng5 25.Kh1 Nfe4 26.Bxe4 Nxe4 27.Rxb7+ Kc6 28.Rf7 Rf8 29.Rh7
Ra2 30.f3 Rxe2 31.Rxe2 Ng3+ {0-1, Dalton Joshua - Ikeda Junta (AUS) 2111, Brisbane (Australia) 2006.01}
) e6 11.Be2 Be7 12.O-O b4 13.Nxc6 bxc6 14.Be5 bxc3 15.bxc3 O-O
16.e4 Nd7 17.exd5 cxd5 18.Bf4 Ra3 19.Nb1 Ra7 20.Nd2 Nb6 21.Bd1
Bd7 22.Nf3 Na4 23.Bd2 Rfa8 24.Ne5 Be8 25.Bc2 Ba3 26.Rfb1 f6 27.Bxa4
Bxa4 28.Nf3 Bc2 29.Rb6 Ra6 30.Rxa6 Rxa6 31.Bc1 Bxc1 32.Rxc1 Rxa2
33.Re1 Be4 34.Re3 Bxf3 35.gxf3 Kf7 36.f4 Ra6 37.Kg2 Kg6 38.Kg3
Kf5 39.Kf3 Ra2 40.h4 Ra1 41.Kg2 Rc1 0-1

[Event "Washington Class Championships"]
[Site "Redmond, WA"]
[Date "2012.11.23"]
[Round "2"]
[White "Sariou Nicholas  (WA)"]
[Black "Yin Tom  (WA)"]
[Result "0-1"]
[WhiteElo "601"]
[BlackElo "741"]
[Annotator ""]
[Source ""]
[Remark "F"]

1.e4 b5 2.Bxb5 Nc6 3.Nf3 Rb8 4.Bc4 Nf6 5.Nc3 e5 6.d3 Bc5 7.Bg5
O-O 8.Nd5 Re8 9.Qd2 Nb4 10.Nxf6+ gxf6 11.Bh6 Ba6 12.Bxa6 Nxa6
13.Qe2 d5 14.exd5 e4 15.Qd2 e3 16.fxe3 Rxb2 17.Qa5 {??} Bb4+
18.Qxb4 Nxb4 19.O-O Nxc2 20.Rac1 Qb8 21.Nd4 Nxd4 22.exd4 Qb5
23.d6 cxd6 24.h3 Rb8 25.Kh2 Qxd3 26.Rxf6 Qxd4 27.Rcf1 Rc2 28.Rxf7
Rcc8 29.Rg7+ Kh8 30.Rff7 Qe5+ 31.Kg1 Rc1+ ( 31...Rb1+ ) 32.Bxc1
Rb1 33.Rxa7 Rxc1+ 34.Kf2 Qf4+ 35.Ke2 Qe4+ 36.Kd2 Qc2+ 37.Ke3
Re1+ 38.Kf3 Qc6+ 39.Kf4 Qe4+ 40.Kg5 Qxg2+ 41.Kf6 Qf3+ 42.Kg5
Rg1+ ( 42...Re5+ 43.Kh4 Rh5# ) 43.Kh4 Qf6+ ( 43...Rxg7 44.Rxg7
Kxg7 ) 44.Kh5 Qf5+ 45.Kh4 Rxg7 46.Ra8+ Rg8 47.Ra4 Qf6+ 48.Kh5
Qg5# 0-1

[Event "Washington Class Championships"]
[Site "Redmond, WA"]
[Date "2012.11.23"]
[Round "2"]
[White "Gibbon Brian  (WA)"]
[Black "Edwards Gary  (WA)"]
[Result "1-0"]
[WhiteElo "1826"]
[BlackElo "1873"]
[Annotator ""]
[Source ""]
[Remark "A"]

1.d4 d5 2.c4 dxc4 3.e4 Nf6 4.Nc3 a6 5.e5 Nd5 6.Bxc4 e6 7.Nf3
Be7 8.O-O b5 9.Nxd5 exd5 10.Bd3 Be6 11.Be3 Nd7 12.Rc1 Rc8 13.a4
c6 14.Nd2 f5 15.Rc2 O-O 16.f4 g6 17.Qc1 Qb6 18.axb5 axb5 19.Nb3
Bb4 20.Bd2 Bxd2 21.Qxd2 b4 22.Ra1 Ra8 23.Qc1 Rxa1 24.Qxa1 Rc8
25.Nc5 Nxc5 26.Rxc5 Rc7 27.Qa5 Qb8 28.Qa4 Bd7 29.Qc2 Kf7 30.Ra5
Qb6 31.Qc5 Qxc5 32.dxc5 Rb7 33.Kf2 h6 34.h4 b3 35.Ra4 Ke7 36.Ke3
g5 37.hxg5 hxg5 38.g3 gxf4+ 39.gxf4 Rb8 40.Kd4 Be8 41.Kc3 Bh5
42.Ra6 Kd8 43.Rxc6 d4+ 44.Kxd4 Kd7 {%02 (remaining moves are illegible)}
 1-0

[Event "Washington Class Championships"]
[Site "Redmond, WA"]
[Date "2012.11.23"]
[Round "1"]
[White "Whitmer Audrey  (WA)"]
[Black "Thakur Eamon  (WA)"]
[Result "0-1"]
[WhiteElo "1166"]
[BlackElo "1081"]
[Annotator ""]
[Source ""]
[Remark "E"]

1.e4 c5 2.Nf3 d6 3.d4 cxd4 4.Nxd4 Nf6 5.Nc3 g6 6.Bg5 Bg7 7.Qd2
O-O 8.Be2 Nc6 9.Nf3 Ne5 10.h3 Qb6 11.Na4 Qc6 12.Nc3 Re8 13.O-O
Nxe4 14.Nxe4 Qxe4 15.Rfe1 Nxf3+ 16.Bxf3 Qd4 17.Qxd4 Bxd4 18.c3
Be5 19.Rad1 f6 20.Be3 e6 21.Be2 d5 22.f4 Bd6 23.g3 h6 24.b4 a5
25.bxa5 Rxa5 26.Ra1 Bc5 27.Bxc5 Rxc5 28.Rac1 e5 29.Rc2 d4 30.Rf1
dxc3 31.Rf3 exf4 32.Rxf4 Bf5 33.Bc4+ Rxc4 34.Rxc4 Bxc2 35.Rxc3
Bb1 36.Rb3 Bxa2 37.Rxb7 Re1+ 38.Kf2 Rh1 39.h4 Rh2+ 40.Ke3 Rg2
41.Kf4 g5+ 42.hxg5 fxg5+ 43.Kf5 Rf2+ 44.Kg6 Kf8 45.Ra7 Bb1+ 46.Kh5
Bf5 47.Ra4 Rh2+ 48.Rh4 gxh4 49.gxh4 Kf7 50.Kxh6 Rxh4+ 0-1

[Event "Washington Class Championships"]
[Site "Redmond, WA"]
[Date "2012.11.24"]
[Round "4"]
[White "Teoh Nicholas  (WA)"]
[Black "Kannan Aditya  (WA)"]
[Result "0-1"]
[WhiteElo "1454"]
[BlackElo "1345"]
[Annotator ""]
[Source ""]
[Remark "C"]

1.e4 d5 2.exd5 Qxd5 3.Nc3 Qa5 4.d4 Nf6 5.Nf3 Bf5 6.Bc4 c6 7.O-O
e6 8.h3 Bd6 9.Re1 Nbd7 10.Bg5 Qc7 11.Qd2 O-O-O 12.Rad1 Nb6 13.Bb3
h6 14.Be3 g5 15.Na4 Nbd5 16.Bxd5 Nxd5 17.c4 Nxe3 18.fxe3 Bg3
19.Rf1 g4 20.hxg4 Bxg4 21.Qc2 h5 22.Nc5 h4 23.Rd2 h3 24.Ng5 Bh2+
25.Kh1 hxg2+ 26.Rxg2 Bf4+ 27.Kg1 Bxg5 28.Re1 Bf3 29.Rh2 Qxh2+
( 29...Qg3+ 30.Kf1 Rxh2 31.Qxh2 Qxh2 32.Rd1 Qe2+ 33.Kg1 Qg2# )
30.Qxh2 Rxh2 31.Kxh2 b6 32.Nd3 f6 33.Kg3 Be4 34.Nf4 Bxf4+ 35.Kxf4
f5 36.Rg1 Rd7 37.Ke5 c5 38.dxc5 bxc5 39.Kxe6 Kc7 40.Rg8 Rd2 41.b3
Rxa2 42.Rg7+ Kb6 43.Rd7 a6 44.Ke5 Ra3 45.Rd6+ Ka5 46.Rd7 Rxb3
47.Kf4 Rb4 48.Rd2 Rxc4 49.Ra2+ Kb5 50.Rb2+ Rb4 51.Rxb4+ cxb4 0-1

[Event "Washington Class Championships"]
[Site "Redmond, WA"]
[Date "2012.11.25"]
[Round "5"]
[White "Anthony Ralph  (WA)"]
[Black "Deshpande Aaryan  (WA)"]
[Result "0-1"]
[WhiteElo "1641"]
[BlackElo "1506"]
[Annotator ""]
[Source ""]
[Remark "B"]

1.e4 c6 2.c4 e5 3.Nf3 d6 4.d4 Bg4 5.Be2 f6 6.Nc3 g6
( 6...Na6 7.Be3 Ne7 8.h3 Bd7 9.a3 Ng6 10.Nh2 Be7 11.Bh5 Qc7 12.Qc2
O-O-O 13.O-O-O exd4 14.Rxd4 Ne5 15.Be2 Nc5 16.f4 Qb6 17.b4 Ne6
18.c5 dxc5 19.Rd2 Nf7 20.Na4 Qc7 21.Nxc5 Bxc5 22.Bxc5 Nxc5 23.Qxc5
Kb8 24.g3 Bxh3 25.Rhd1 Rxd2 26.Rxd2 Bc8 27.Nf3 g5 28.Qe3 Re8
29.fxg5 fxg5 30.Nxg5 Nxg5 31.Qxg5 Rxe4 32.Bd1 Qf7 33.Kb2 a6 34.Qd8
Qg7+ 35.Ka2 Qxg3 36.Rd7 Re3 37.Qh8 Qf2+ 38.Kb1 Qf5+ {0-1, Erler Klaus-Juergen (GER) 1864 - Turboust Roger (FRA) 1808, Bad Woerishofen (Germany) 2000}
) 7.Be3 Bg7 8.Qd2 Nd7 9.h3 Bxf3 10.Bxf3 Ne7 11.dxe5 Nxe5 12.Be2
b6 13.Rd1 Nf7 14.Bf4 Nc8 15.O-O O-O 16.Bg4 g5 17.Bg3 Ne5 18.Be6+
Kh8 19.Bxe5 fxe5 20.Bxc8 Rxc8 21.Qxd6 Qe8 22.Ne2 Rf6 23.Qd3 g4
24.hxg4 Qg6 25.g5 Qxg5 26.Qg3 Qh5 27.Qh3 Qe8 28.Rd3 Rc7 29.Rfd1
Qg6 30.Rd8+ Rf8 31.Rxf8+ Bxf8 32.Rd8 Rf7 33.f3 Qg5 34.Kf2 {??}
( 34.Rd7 ) Qxd8 35.Qe6 Qf6 36.Qc8 Rg7 37.Ng3 Rg8 38.Qh3 Bc5+
39.Kf1 Qd6 0-1

[Event "Washington Class Championships"]
[Site "Redmond, WA"]
[Date "2012.11.25"]
[Round "5"]
[White "Haining Breck  (WA)"]
[Black "Chin Eugene  (WA)"]
[Result "0-1"]
[WhiteElo "1334"]
[BlackElo "1266"]
[Annotator ""]
[Source ""]
[Remark "D"]

1.e4 e6 2.Nf3 d5 3.exd5 exd5 4.d4 Bd6 5.Bd3 Bg4 6.Nbd2 Ne7 7.O-O
Nbc6 8.c3 Bf5 9.Qc2 Bxd3 10.Qxd3 O-O 11.Re1 Ng6 12.Nf1 h6 13.Ng3
Bf4 14.Be3 Bxe3 15.Rxe3 Re8 16.Rae1 Qd7 17.Ne5 Ncxe5 18.dxe5
Re7 19.Nh5 Rae8 20.Qd4 b6 21.b4 c5 22.bxc5 bxc5 23.Qxc5 Rxe5
24.Rxe5 Nxe5 25.Rd1 Nd3 26.Qd4 Nb2 27.Rf1 f6 28.Ng3 Re5 29.h3
Qa4 30.f4 Qxd4+ 31.cxd4 Re3 32.Nf5 Re4 33.Ne7+ Rxe7 34.Rb1 Nd3
35.Rb8+ Kf7 36.f5 Nc1 37.a3 Ne2+ 38.Kh2 Nxd4 39.Rd8 Nxf5 40.Rxd5
Kg6 41.a4 Re2 42.Rd7 Re8 43.Rd3 Re5 44.Rd7 Ra5 45.g4 Ne3 46.Rd4
Nd5 47.h4 Nb6 48.Kg3 Rxa4 49.Rd3 Nc4 50.h5+ Kh7 51.Rb3 Ra3 52.Rf3
a5 53.Rxa3 Nxa3 54.Kf3 Nc4 55.Ke4 a4 56.Kd3 a3 0-1

[Event "Washington Class Championships"]
[Site "Redmond, WA"]
[Date "2012.11.25"]
[Round "5"]
[White "Campbell Tim  (WA)"]
[Black "Nagase Toshihiro  (WA)"]
[Result "0-1"]
[WhiteElo "1759"]
[BlackElo "1794"]
[Annotator ""]
[Source ""]
[Remark "A"]

1.e4 c5 2.Nf3 Nc6 3.d4 cxd4 4.Nxd4 g6 5.c4 Bg7 6.Be3 Nh6 7.Nc3
d6 8.f3 f5 9.Bd3 Nxd4 10.Qd2 Nf7 11.O-O-O O-O 12.h4 e5 13.h5
f4 14.hxg6 hxg6 15.Bxd4 exd4 16.Nd5 Ne5 17.Nxf4 Qg5 18.g3 Nxf3
19.Qf2 Ne5 20.Qxd4 Nxd3+ 21.Qxd3 Be5 22.Qd5+ Kg7 23.Rdf1 Bxf4+
24.gxf4 Qxd5 25.cxd5 Bg4 26.Re1 Rxf4 27.Rh4 Re8 28.e5 Rxe5 29.Rxe5
dxe5 30.Kd2 g5 31.Rh2 Rd4+ 32.Ke3 Bf5 33.b4 Rxd5 34.a4 Rd4 35.b5
Rxa4 36.b6 axb6 37.Rb2 Ra6 38.Kf3 Kf6 39.Ke3 g4 40.Kf2 Kg5 41.Kg3
Bd3 42.Rb4 Be2 43.Re4 Bf3 44.Rxe5+ Kf6 45.Rb5 Ke6 46.Rb2 Kd5
47.Kf4 Kc4 48.Ke3 b5 49.Kd2 b4 50.Rc2+ Kd4 51.Ke1 Ra1+ 52.Kd2
Rd1# 0-1

[Event "Washington Class Championships"]
[Site "Redmond, WA"]
[Date "2012.11.25"]
[Round "6"]
[White "Wilson Diallo  (WA)"]
[Black "Hendricks David  (WA)"]
[Result "0-1"]
[WhiteElo "1641"]
[BlackElo "1678"]
[Annotator ""]
[Source ""]
[Remark "B"]

1.e4 c5 2.Nc3 Nc6 3.f4 e6 4.Nf3 Nge7 5.Bc4 a6 6.a4 d5 7.exd5
exd5 8.Be2 g6 9.O-O Bg7 10.d3 O-O 11.Qe1 Re8 12.Qh4 Nf5 13.Qxd8
Nxd8 14.Bd1 Nc6 15.Nxd5 Rd8 16.Nb6 Rb8 17.Nc4 Be6 18.Nce5 Rd5
19.Re1 Rbd8 20.c4 R5d6 21.Nxc6 bxc6 22.Bc2 Nd4 23.Nxd4 Bxd4+
24.Kf1 Bf5 25.Ra3 Bf6 26.Rd1 Re8 27.h3 h5 28.Kf2 Rde6 29.Bd2
Bxb2 30.Ra2 Bd4+ 31.Kf1 Re2 32.Be1 Bxd3 33.Bxd3 Rxa2 34.a5 Rb8
35.Bb1 Ra1 36.Bc2 Rxd1 37.Bxd1 Rb1 38.Ke2 Rb2+ 39.Kf1 Kg7 40.Ba4
Rb1 41.Ke2 Rc1 42.Bb3 Rb1 43.Ba4 Rb2+ 44.Kf1 Be3 45.g3 Bd2 46.Bf2
Ra2 47.Bxc6 Rxa5 48.Ke2 Ra2 49.Kf3 Ra3+ 50.Ke4 Bb4 51.Kd5 Rd3+
52.Ke4 Rd2 53.Be3 f5+ 54.Kf3 Rh2 55.Bf2 Rh1 56.Be3 Ra1 57.g4
Ra3 58.Kf2 hxg4 59.hxg4 fxg4 60.Bc1 Ra2+ 61.Kg3 Rc2 62.Be3 Rc3
63.Kf2 Rxc4 64.Bd5 Rc3 65.Ke2 Kf6 66.Bb7 a5 67.Bc8 a4 68.Bxg4
a3 69.Kf2 a2 70.Be2 a1Q 71.Bd2 Ra3 72.Be3 Qe1+ 73.Kf3 Bd2 0-1

[Event "Washington Class Championships"]
[Site "Redmond, WA"]
[Date "2012.11.25"]
[Round "5"]
[White "Mehta Anand  (WA)"]
[Black "Allen Robert  (WA)"]
[Result "1-0"]
[WhiteElo "1684"]
[BlackElo "1700"]
[Annotator ""]
[Source ""]
[Remark "B"]

1.e4 c5 2.c3 d6 3.d4 cxd4 4.cxd4 g6 5.Nf3 Bg7 6.Nc3 Nc6 7.d5
Ne5 8.Nxe5 Bxe5 9.Be3 Bg7 10.Qd2 Nf6 11.Bc4 O-O 12.O-O a6 13.a4
Rb8 14.a5 Nd7 15.Bd4 b5 16.axb6 Nxb6 17.Bxg7 Kxg7 18.Bxa6 Bxa6
19.Rxa6 Kg8 20.b3 Qc7 21.Na2 Qb7 22.Qa5 Rfc8 23.Ra7 Ra8 24.Rxb7
Rxa5 25.Nb4 Rb5 26.Nc6 Ra8 27.Nxe7+ Kg7 28.Rc1 Rxb3 29.h3 Ra4
30.Nc8 Rab4 31.Nxd6 Nxd5 32.Rxf7+ Kh6 33.exd5 Rd4 34.Rcc7 Rb1+
35.Kh2 Rxd5 36.Rxh7+ Kg5 37.Ne4+ 1-0

[Event "Washington Class Championships"]
[Site "Redmond, WA"]
[Date "2012.11.24"]
[Round "4"]
[White "Allen Robert  (WA)"]
[Black "Sullivan Brian  (CAN)"]
[Result "1-0"]
[WhiteElo "1700"]
[BlackElo "1631"]
[Annotator ""]
[Source ""]
[Remark "B"]

1.d4 d5 2.c4 e6 3.Nc3 Nf6 4.Bg5 c6 5.Nf3 Be7 6.e3 a6 7.a4 Nbd7
8.Bd3 O-O 9.O-O c5 10.cxd5 exd5 ( 10...Nxd5 11.Bxe7 Qxe7 12.Nxd5
exd5 13.Qc2 g6 14.dxc5 Nxc5 15.Rfc1 Ne4 16.Nd4 Re8 17.Bxe4 dxe4
18.Qc5 Qxc5 19.Rxc5 Re7 20.a5 Kf8 21.h4 Bg4 22.Kh2 Rc8 23.Rac1
Rxc5 24.Rxc5 h5 25.Kg3 Ke8 26.Kf4 f6 27.Rd5 Kf7 28.b4 Bd7 29.Rd6
Ba4 30.Rb6 Be8 31.Nb3 Bc6 32.Nc5 Rc7 33.Nxe4 Bxe4 34.Kxe4 Rc4+
35.Kd5 Rxh4 36.Rxb7+ Kg8 37.Ke6 f5 38.b5 axb5 39.a6 {1-0, Genov Petar (BUL) 2464 - Guilbert Jean-Louis (FRA) 2057, Le Touquet (France) 2005.10.28}
) 11.dxc5 Nxc5 12.Rc1 Nxd3 13.Qxd3 Be6 14.Rfd1 Rc8 15.Nd4 h6
16.Bh4 Qd7 17.Nde2 Rfd8 18.Nd4 Rc4 19.Rd2 g5 20.Nxe6 Qxe6 21.Bg3
Ne4 22.Rdc2 Nc5 23.Qe2 Ne4 24.Nxd5 Rxc2 25.Nxe7+ Qxe7 26.Qxc2
Qd7 27.Be5 Nc5 28.b3 Nd3 29.Rd1 Qf5 30.Bd4 Qe4 31.Qxd3 Qc6 32.Qb1 1-0

[Event "Washington Class Championships"]
[Site "Redmond, WA"]
[Date "2012.11.23"]
[Round "2"]
[White "Ramesh Jothi  (WA)"]
[Black "Allen Robert  (WA)"]
[Result "0-1"]
[WhiteElo "1773"]
[BlackElo "1700"]
[Annotator ""]
[Source ""]
[Remark "B"]

1.c4 Nf6 2.d3 g6 3.g3 d5 4.Bg2 Bg7 5.cxd5 Nxd5 6.Nf3 O-O 7.O-O
c5 8.a3 Nc6 9.e4 Nf6 10.Nc3 Bg4 11.h3 Bd7 12.Be3 b6 13.d4 cxd4
14.Nxd4 Rc8 15.f4 e5 16.Nxc6 Bxc6 17.fxe5 Nd7 18.e6 fxe6 19.Qg4
Qe8 20.Rad1 Ne5 21.Rxf8+ Kxf8 22.Qf4+ Kg8 23.Bd4 Nc4 24.Bxg7
Kxg7 25.Rf1 Qe7 26.b3 e5 27.Qc1 Qc5+ 28.Kh2 Ne3 29.Re1 Nxg2 30.Kxg2
Bxe4+ 31.Rxe4 Qxc3 32.Qxc3 Rxc3 33.Rxe5 Kf6 34.Rb5 Ke6 35.a4
Kd6 36.a5 Rc5 37.Rb4 Rxa5 38.Kf3 Rf5+ 39.Ke4 Re5+ 40.Kf4 b5 41.g4
g5+ 42.Kf3 Kc5 43.Re4 Rxe4 44.Kxe4 a5 45.Kf5 h6 46.Kg6 a4 47.Kxh6
a3 0-1

[Event "Washington Class Championships"]
[Site "Redmond, WA"]
[Date "2012.11.25"]
[Round "6"]
[White "Yu Jason  (WA)"]
[Black "Whitmer Catherine  (WA)"]
[Result "1-0"]
[WhiteElo "942"]
[BlackElo "615"]
[Annotator ""]
[Source ""]
[Remark "E"]

1.d4 d5 2.c4 dxc4 3.Nc3 Bf5 4.e4 Bg6 5.Bxc4 Nc6 6.Be3 Nf6 7.f3
e6 8.Qa4 a6 9.d5 b5 10.Nxb5 axb5 11.Qxb5 Bd6 12.Qxc6+ Nd7 13.dxe6
Bb4+ 14.Ke2 fxe6 15.Rd1 Bd6 16.Bxe6 Bf7 17.Bxd7+ Qxd7 18.Qxd7+
Kxd7 19.e5 Bc4+ 20.Kf2 Ra5 21.exd6 cxd6 22.a3 Bb3 23.Rd3 Rb5
24.Bf4 Rb6 25.Ne2 Rg8 26.Rhd1 Bxd1 27.Rxd1 Ke6 28.b4 d5 29.Nc3
Rd8 30.Bc7 Rbd6 31.Bxd8 Rxd8 32.a4 d4 33.a5 Rc8 34.Ne2 Rc2 35.Rxd4
Ke5 36.a6 Ra2 37.b5 g6 38.f4+ Kf5 39.Rd5+ Kg4 40.Rd7 h5 41.Rd5
g5 42.Rxg5+ Kh4 43.g3+ Kh3 44.Rxh5+ Kg4 45.Rh4+ Kf5 46.g4+ Ke4
47.f5 Ke5 48.Ke3 Kf6 49.Nd4 Kg5 50.Nf3+ Kf6 51.Rh6+ Kg7 52.g5
Kg8 53.g6 Kg7 54.Rh7+ Kg8 55.a7 Kf8 56.b6 Ra3+ 57.Kd4 Ra4+ 58.Kc5
Ra5+ 59.Kb4 Ra6 60.b7 Rb6+ 61.Kc3 Rc6+ 62.Kd3 Rd6+ 63.Nd4 Rd8
64.b8Q Rxb8 65.axb8R# 1-0

[Event "Washington Class Championships"]
[Site "Redmond, WA"]
[Date "2012.11.24"]
[Round "3"]
[White "Pitre H. G.  (WA)"]
[Black "Rupel David  (WA)"]
[Result "0-1"]
[WhiteElo "1966"]
[BlackElo "2103"]
[Annotator ""]
[Source ""]
[Remark "Expert"]

1.Nf3 c5 2.c4 Nf6 3.Nc3 d5 4.cxd5 Nxd5 5.e4 Nxc3 6.bxc3 g6 7.Bc4
Bg7 8.h3 O-O 9.O-O Nc6 10.Qc2 Na5 ( 10...b6 11.Bb2 Bb7 12.Rad1
Rc8 13.a3 Qc7 14.Ba2 h6 15.Qb1 Ne5 16.Nxe5 Qxe5 17.Rfe1 c4 18.d4
cxd3 19.Qxd3 e6 20.Qe3 Rfd8 21.Bb1 Qc7 22.Rc1 Rd7 23.e5 Rcd8
24.c4 Bf8 25.Be4 Rd2 26.Re2 Bc5 27.Qf3 Rxe2 28.Qxe2 Bxe4 29.Qxe4
Qd7 30.Rc2 Qd3 31.Qxd3 Rxd3 32.a4 Rd1+ 33.Kh2 Kf8 34.Bc3 h5 35.Kg3
Ke8 36.a5 Kd7 37.axb6 Bxb6 38.Kf3 Kc6 39.Ke4 Rf1 40.f3 Rf2 41.Kd3
{1/2-1/2, Seitz H 2200 - Schmied Andreas (GER) 2086, Germany 1992} )
11.Be2 b6 12.Rd1 Qc7 13.d3 Bb7 14.Be3 Rac8 15.Rac1 e5 16.Nd2
f5 17.Nb3 f4 18.Bd2 Nc6 19.f3 Rcd8 20.Be1 Rd7 21.Bf2 Qd8 22.Nd2
Qe7 23.Nc4 b5 24.Nb2 Kh8 25.a4 a6 26.axb5 axb5 27.Qb3 Ba8 28.Ra1
b4 29.Nc4 Rb7 30.cxb4 Rxb4 31.Qa2 Nd4 32.Rdb1 Rfb8 33.Rxb4 cxb4
34.Bf1 Bc6 35.Qa7 Qxa7 36.Rxa7 b3 37.Rxg7 Kxg7 38.Nxe5 Ne2+ 39.Bxe2
b2 40.Bd4 b1Q+ 41.Bf1 Rb5 42.Nc4+ Kg8 43.e5 Qc1 44.e6 Rb1 0-1